000 00420nam a2200169Ia 4500
003 GCL
008 140319s9999 xx 000 0 eng d
040 _aGCL /
_cGCL
082 0 4 _a747
_bC M
100 1 _aCERWINSKE, LAURA
245 1 0 _aMIAMI HOT & COOL /
_cCERWINSKE, LAURA
260 _a[S.N] :
_bTHAMES AND HUDSON ،
_c1990
300 _a232
650 0 4 _aINTERIOR DECORATION
650 0 4 _aMIAMI
942 _2ddc
_cBK
999 _c24157
_d24157